Nuevas concepciones sobre el estado y la sociedad civil /

Gardado en:
Detalles Bibliográficos
Autor Principal: Shulgovski, Anatoli
Formato: Texto
Etiquetas: Engadir etiqueta
Sen Etiquetas, Sexa o primeiro en etiquetar este rexistro!

MARC

LEADER 00000 a a2200000 04500
001 639
003
040
100 |a Shulgovski, Anatoli  
245 |a Nuevas concepciones sobre el estado y la sociedad civil /  |c Anatoli Shulgovski 
773 |g número 3; páginas 25-40  
999 |c 20080  |d 20080